Renewable natural resources : (Record no. 12243)

000 -LEADER
fixed length control field 00603pam a2200205 a 4500
020 ## - INTERNATIONAL STANDARD BOOK NUMBER
ISBN 0891586652 :
020 ## - INTERNATIONAL STANDARD BOOK NUMBER
ISBN 0865312176 (pbk.) :
040 ## - CATALOGING SOURCE
Transcribing agency DLC
082 00 - DEWEY DECIMAL CLASSIFICATION NUMBER
Classification number 333 WES 1982 A018 Or.
245 00 - TITLE STATEMENT
Title Renewable natural resources :
Remainder of title a management handbook for the 1980s /
260 ## - PUBLICATION, DISTRIBUTION, ETC. (IMPRINT)
Place of publication Boulder, Colo. :
Name of publisher Westview Press,
Year of publication 1982.
300 ## - PHYSICAL DESCRIPTION
Number of Pages xv, 316 p. :
Other physical details ill. ;
Dimensions 24 cm.
650 #0 - SUBJECT ADDED ENTRY--TOPICAL TERM
Topical Term Renewable natural resources
650 #0 - SUBJECT ADDED ENTRY--TOPICAL TERM
Topical Term Conservation of natural resources
650 #0 - SUBJECT ADDED ENTRY--TOPICAL TERM
Topical Term Energy policy
700 1# - ADDED ENTRY--PERSONAL NAME
Personal name Little, Dennis L.
700 1# - ADDED ENTRY--PERSONAL NAME
Personal name Dils, Robert E.
700 1# - ADDED ENTRY--PERSONAL NAME
Personal name Gray, John,
942 ## - ADDED ENTRY ELEMENTS (KOHA)
Koha item type សៀវភៅភាសាអង់គ្លេស
952 ## - LOCATION AND ITEM INFORMATION (KOHA)
Withdrawn status [LOCAL, KOHA] 0
Holdings
Permanent Location Date acquired Koha item type Lost status Shelving location Barcode Current Location Full call number
Library Block A2017-08-11សៀវភៅភាសាអង់គ្លេស A018A08245Library Block A333 WES 1982 A018 Or.
មជ្ឈមណ្ឌលឯការនៃសាកលវិទ្យាល័យភូមិន្ទកសិកម្មចំការដូង

Powered by Koha